[Event "Tourn. n10065"]
[Site "www.echecsemail.com"]
[Date "2019.02.21"]
[Round "1"]
[White "Fantomas"]
[Black "Picifarkinca"]
[WhiteElo "2180"]
[BlackElo "2030"]
[Result "1-0"]
[Round "1"]
1.e4 e5
2.Ng1f3 Nb8c6
3.Bf1b5 a6
4.Bb5a4 Ng8f6
5.d3 Bf8e7
6.c3 b5
7.Ba4b3 O-O
8.h3 d6
9.Bc1e3 Nc6a5
10.Bb3c2 c5
11.a3 Bc8b7
12.b4 Na5c6
13.O-O Qd8c7
14.Nb1d2 Ra8c8
15.Nf3h4 Nf6xe4
16.Nd2xe4 Be7xh4
17.bxc5 d5
18.Ne4g5 Bh4xg5
19.Be3xg5 d4
20.Qd1d2 dxc3
21.Qd2xc3 Nc6d4
22.Qc3b2 Qc7c6
23.f3 Nd4xc2
24.Qb2xc2 Qc6xc5
25.Qc2xc5 Rc8xc5
26.Bg5e7 Rc5d5
27.Be7xf8 Kxf8
28.Rf1d1 Rd5d4
29.Kf2 Bb7d5
30.Ke3 Ke7
31.g3 { resign }
1-0

[Event "Tourn. n10071"]
[Site "www.echecsemail.com"]
[Date "2019.02.21"]
[Round "1"]
[White "Balbyns"]
[Black "Francesco"]
[WhiteElo "2150"]
[BlackElo "2060"]
[Result "1-0"]
[Round "1"]
1.e4 e5
2.Ng1f3 Ng8f6
3.Nf3xe5 d6
4.Ne5f3 Nf6xe4
5.d4 d5
6.Bf1d3 Bf8e7
7.O-O Nb8c6
8.Rf1e1 Ne4f6
9.c3 O-O
10.Nb1d2 Bc8g4
11.Qd1c2 Rf8e8
12.Nf3e5 Qd8d6
13.Ne5xg4 Nf6xg4
14.Nd2f3 Ng4f6
15.Bc1g5 h6
16.Bg5h4 Ra8d8
17.Bh4g3 Qd6d7
18.Bd3f5 { resign }
1-0

[Event "Tourn. n9992"]
[Site "www.echecsemail.com"]
[Date "2019.02.21"]
[Round "1"]
[White "Tartan"]
[Black "Aperturaf"]
[WhiteElo "2610"]
[BlackElo "2690"]
[Result "0-1"]
[Round "1"]
1.d4 d5
2.c4 e6
3.Nb1c3 Ng8f6
4.Bc1g5 Nb8d7
5.cxd5 exd5
6.e3 Bf8e7
7.Bf1d3 c6
8.Ng1f3 Nf6e4
9.Bg5xe7 Qd8xe7
10.Bd3xe4 dxe4
11.Nf3d2 Nd7f6
12.Qd1c2 Bc8f5
13.O-O O-O
14.a3 h5
15.Ra1e1 Rf8e8
16.f3 Ra8d8
17.Nc3xe4 Bf5xe4
18.fxe4 Nf6xe4
19.Nd2xe4 Qe7xe4
20.Qc2d1 Qe4d5
21.Qd1a4 a6
22.Qa4d1 Re8e4
23.Qd1c2 Qd5e6
24.Qc2c3 Rd8d7
25.b3 f6
26.a4 h4
27.h3 Rd7d8
28.Kh1 Rd8d7
29.Kg1 Rd7e7
30.Rf1f3 f5
31.Kf1 Kh7
32.a5 g5
33.Qc3c5 Kg6
34.Re1e2 Qe6d5
35.Qc5c3 Qd5b5
36.Kf2 g4
37.hxg4 fxg4
38.Rf3f8 Kg7
39.Rf8b8 g3
40.Ke1 Qb5d5
{ resign }
0-1

[Event "Tourn. n10064"]
[Site "www.echecsemail.com"]
[Date "2019.02.21"]
[Round "1"]
[White "Fabos12"]
[Black "Scasan55"]
[WhiteElo "1990"]
[BlackElo "1990"]
[Result "0-1"]
[Round "1"]
1.d4 e6
2.Ng1f3 d5
3.Bc1f4 c5
4.c3 c4
5.Nb1d2 Bf8d6
6.Bf4xd6 Qd8xd6
7.e4 Bc8d7
8.e5 Qd6c7
9.Ra1b1 Ng8e7
10.Bf1e2 { time. }
0-1

[Event "Match"]
[Site "www.echecsemail.com"]
[Date "2019.02.21"]
[Round "1"]
[White "Sonny1000"]
[Black "Babedad"]
[WhiteElo "1590"]
[BlackElo "2200"]
[Result "0-1"]
[Round "1"]
1.e4 e6
2.e5 d5
3.d4 c5
4.Bc1e3 Nb8c6
5.Qd1d3 Qd8b6
6.a3 Qb6xb2
7.Be3c1 Qb2xc1
8.Qd3d1 Qc1xd1
9.Kxd1 Nc6xd4
10.Nb1c3 Bc8d7
11.Ra1b1 b6
12.Nc3b5 Nd4xb5
13.Bf1xb5 Bd7xb5
14.Rb1xb5 c4
15.c3 Bf8xa3
16.Kc2 Ng8e7
17.f4 O-O
18.Ng1f3 Rf8b8
19.Rh1b1 Ba3c5
20.Nf3d4 Bc5xd4
21.cxd4 Ne7c6
22.Kc3 Nc6a5
23.Rb5b2 Na5b3
24.Rb2a2 a5
25.h3 b5
26.Rb1b2 b4
27.Kc2 Nb3xd4
28.Kd1 c3
29.Rb2f2 c2
30.Kc1 b3
31.Ra2b2 a4
32.Rf2xc2 Nd4xc2
33.Rb2xc2 bxc2
34.Kxc2 Rb8b3
35.h4 Ra8c8
36.Kd1 Rb3b2
37.g4 Rc8c2
38.h5 Rc2h2
39.Kc1 a3
{ resign }
0-1

[Event "Tourn. n10060"]
[Site "www.echecsemail.com"]
[Date "2019.02.21"]
[Round "1"]
[White "Passaroa25"]
[Black "Ditto"]
[WhiteElo "1800"]
[BlackElo "1690"]
[Result "0-1"]
[Round "1"]
1.Nb1c3 d5
2.d4 Ng8f6
3.f3 Bc8f5
4.e3 e6
5.Ng1e2 Bf8b4
6.a3 Bb4a5
7.Bc1d2 Nb8c6
8.b4 Ba5b6
9.Ne2f4 Qd8e7
10.Bf1e2 O-O
11.O-O Nc6d8
12.g4 Bf5g6
13.Nf4xg6 fxg6
14.Qd1b1 a6
15.Be2d3 c6
16.Qb1b2 Bb6c7
17.Ra1e1 Qe7d6
18.Kg2 Qd6xh2

0-1

[Event "Tourn. n10050"]
[Site "www.echecsemail.com"]
[Date "2019.02.21"]
[Round "1"]
[White "Cal"]
[Black "Bojan"]
[WhiteElo "1900"]
[BlackElo "1870"]
[Result "0-1"]
[Round "1"]
1.c4 g6
2.d4 d5
3.c5 b6
4.b4 c6
5.h3 Bc8a6
6.a4 Bf8g7
7.Nb1c3 Ba6c4
8.Ng1f3 Nb8d7
9.cxb6 Qd8xb6
10.Bc1a3 Ng8h6
11.a5 Qb6a6
12.Ba3c1 Nh6f5
13.Bc1f4 h6
14.Ra1c1 Qa6b7
15.Bf4e5 Nd7xe5
16.dxe5 Qb7xb4
17.Qd1c2 Qb4xa5
18.g3 c5
19.Nf3d2 Nf5d4
20.Qc2a4 Qa5xa4
21.f4 Qa4a3
22.Rc1b1 Qa3xc3
23.Rb1d1 Ra8b8
24.Kf2 Qc3c2
25.Bf1g2 e6
26.Rh1e1 Nd4b3
27.Nd2xb3 Rb8xb3
28.Rd1c1 Qc2b2
29.Rc1b1 Qb2c3
30.Rb1xb3 Qc3xb3
31.Bg2f3 O-O
32.g4 f6
33.f5 gxf5
34.exf6 Rf8xf6
35.gxf5 Rf6xf5
36.Kg3 Qb3e3
37.h4 Rf5xf3
{ resign }
0-1

[Event "Tourn. n10019"]
[Site "www.echecsemail.com"]
[Date "2019.02.21"]
[Round "1"]
[White "Fabos12"]
[Black "Francesco"]
[WhiteElo "1950"]
[BlackElo "1950"]
[Result "0-1"]
[Round "1"]
1.d4 Ng8f6
2.Ng1f3 d5
3.c3 Bc8g4
4.Nb1d2 Nb8d7
5.g3 e6
6.Bf1g2 c5
7.h3 Bg4h5
8.O-O Bf8d6
9.Qd1c2 O-O
10.e4 dxe4
11.Nd2xe4 Nf6xe4
12.Qc2xe4 cxd4
13.Nf3xd4 Nd7c5
14.Qe4e1 Nc5d3
15.Qe1e3 Nd3xc1
16.Ra1xc1 Qd8b6
17.b3 Ra8c8
18.g4 Bh5g6
19.Rf1d1 Rf8d8
20.Qe3g5 h6
21.Qg5b5 Qb6xb5
22.Nd4xb5 Bd6f4
23.Rd1xd8 Rc8xd8
24.Rc1e1 a6
25.Nb5d4 Bf4d2
26.Re1e2 Bd2xc3
27.Nd4xe6 fxe6
28.Re2xe6 Bg6f7
29.Re6e7 b5
30.f4 Rd8d1
31.Kf2 Rd1d2
{ time. }
0-1

[Event "1/32 Finale"]
[Site "www.chess-mail.com"]
[Date "2019.02.21"]
[Round "1"]
[White "Szustan"]
[Black "Stepanpech"]
[WhiteElo "2560"]
[BlackElo "2510"]
[Result "1-0"]
[Round "1"]
1.e4 e6
2.d4 d5
3.Nb1c3 Bf8b4
4.e5 c5
5.a3 Bb4xc3
6.bxc3 Ng8e7
7.Ng1f3 Qd8c7
8.a4 b6
9.Bf1b5 Bc8d7
10.Bb5d3 Nb8c6
11.O-O h6
12.Rf1e1 O-O
13.Bc1f4 c4
14.Bd3f1 Ne7g6
15.Bf4c1 Nc6a5
16.h4 Qc7d8
17.h5 Ng6h4
18.Nf3xh4 Qd8xh4
19.Re1e3 Kh7
20.Qd1f3 Bd7e8
21.g3 Qh4d8
22.g4 Ra8c8
23.Bf1g2 Rc8c7
24.Qf3h3 Be8d7
25.f4 Rf8g8
26.f5 Na5c6
27.Bc1a3 Nc6e7
28.Re3f3 Bd7c8
29.Ra1f1 exf5
30.gxf5 f6
31.Qh3h4 Rg8e8
32.Rf1f2 Rc7b7
33.Bg2h3 Ne7c6
34.Rf3e3 a6
35.Qh4g3 b5
36.axb5 axb5
37.Ba3c5 Re8g8
38.Rf2g2 Kh8
39.Qg3f4 Rb7f7
40.Re3g3 Nc6e7
41.e6 Rf7f8
42.Bc5b6 Qd8e8
43.Qf4d6 Kh7
44.Qd6c7 Bc8a6
45.Qc7a7 { resign }
1-0

[Event "Tourn. n10016"]
[Site "www.echecsemail.com"]
[Date "2019.02.22"]
[Round "1"]
[White "Cemaah"]
[Black "Roque1"]
[WhiteElo "2099"]
[BlackElo "2020"]
[Result "1-0"]
[Round "1"]
1.e4 c5
2.Ng1f3 e6
3.d4 cxd4
4.Nf3xd4 Nb8c6
5.c4 Bf8c5
6.Nd4b3 Bc5b6
7.Nb1c3 d6
8.Bf1e2 Ng8f6
9.O-O O-O
10.Bc1f4 e5
11.Bf4g5 Nc6d4
12.Nc3d5 Bc8e6
13.Nd5xf6 gxf6
14.Bg5h6 Rf8e8
15.Be2d3 Kh8
16.Nb3xd4 Bb6xd4
17.Bh6e3 Bd4xb2
18.Ra1b1 Bb2c3
19.Rb1xb7 a5
20.f4 Re8g8
21.f5 Be6d7
22.Qd1h5 Qd8e8
23.Qh5h6 Bc3b4
24.Qh6xf6 Rg8g7
25.Be3h6 Qe8g8
26.Rb7xd7 Qg8f8
27.Rf1f3 Kg8
28.Bh6xg7 Qf8xg7
29.Rf3g3 Qg7xg3
30.Qf6xf7 Kh8
31.Qf7xh7 { resign }
1-0

[Event "Tourn. n10052"]
[Site "www.echecsemail.com"]
[Date "2019.02.22"]
[Round "1"]
[White "Bojan"]
[Black "Cal"]
[WhiteElo "1900"]
[BlackElo "1870"]
[Result "1-0"]
[Round "1"]
1.b3 Ng8f6
2.Bc1b2 d5
3.e3 a6
4.h3 e6
5.Ng1f3 Nb8c6
6.Bf1d3 b5
7.Nf3d4 Bc8d7
8.Qd1f3 Bf8b4
9.Nd4e2 h6
10.a3 O-O
11.axb4 Qd8e7
12.Bb2xf6 Qe7xf6
13.Qf3xf6 gxf6
14.c3 Nc6e5
15.Bd3c2 f5
16.Ne2f4 c6
17.d4 Ne5g6
18.Nf4h5 f6
19.Nb1d2 Rf8f7
20.f4 Ng6h4
21.Kf2 Kh7
22.g3 Nh4g6
23.Nd2f3 e5
24.g4 e4
25.Nf3d2 fxg4
26.hxg4 Bd7xg4
27.Nh5g3 f5
28.Nd2f1 Rf7f6
29.Nf1h2 Ng6h4
30.Nh2xg4 Nh4f3
31.Ng4xf6 Kg6
32.Nf6d7 Nf3d2
33.Rh1h5 Nd2f3
34.Nd7e5 Nf3xe5
35.fxe5 Ra8f8
36.Ra1xa6 Rf8c8
37.Rh5xf5 { resign }
1-0

[Event "Match"]
[Site "www.echecsemail.com"]
[Date "2019.02.22"]
[Round "1"]
[White "Sonny1000"]
[Black "Cal"]
[WhiteElo "1540"]
[BlackElo "1840"]
[Result "0-1"]
[Round "1"]
1.e4 e5
2.a4 a6
3.h4 Nb8c6
4.c3 d6
5.Bf1c4 h6
6.Qd1f3 Ng8f6
7.Ng1h3 Bc8xh3
8.Rh1xh3 b6
9.h5 Bf8e7
10.Qf3g3 Nf6xe4
11.Qg3f3 Ne4f6
12.Qf3xc6 Nf6d7
13.Qc6d5 O-O
14.Rh3f3 Nd7f6
15.Bc4d3 Qd8d7
16.Bd3f5 Qd7d8
17.Qd5c4 Nf6xh5
18.Qc4g4 Nh5f6
19.Qg4g3 c5
20.d3 Qd8c7
21.Bc1xh6 Nf6h5
22.Bf5h7 Kxh7
23.Qg3g4 g6
24.Bh6xf8 Ra8xf8
25.Qg4e4 d5
26.Qe4xd5 Nh5f4
27.c4 Nf4xg2
28.Kf1 Ng2f4
29.Qd5e4 f5
30.Qe4e3 Be7g5
31.Rf3g3 Bg5h4
32.Rg3g1 Qc7d6
33.Qe3f3 g5
34.Ke1 Bh4xf2
35.Kxf2 Qd6d4
36.Kf1 g4
37.Qf3b7 Kg6
38.Qb7xb6 Rf8f6
39.Qb6b3 Nf4xd3
40.Rg1g2 Qd4f4
41.Kg1 e4
42.Qb3b7 Qf4f3
43.Nb1a3 Nd3e5
44.Qb7e7 Qf3e3
45.Kh1 Qe3h3
46.Kg1 Ne5f3
47.Kf2 Nf3h4
48.Rg2g3 Qh3h2
49.Kf1 Qh2xg3
50.Qe7e8 Kg5
51.Qe8g8 Nh4g6
52.Qg8h8 Qg3f3
53.Ke1 Ng6xh8
{ resign }
0-1

[Event "Tourn. n10074"]
[Site "www.echecsemail.com"]
[Date "2019.02.22"]
[Round "1"]
[White "Liencam2"]
[Black "Fantomas"]
[WhiteElo "2330"]
[BlackElo "2200"]
[Result "1-0"]
[Round "1"]
1.e4 e5
2.Ng1f3 Nb8c6
3.d4 exd4
4.c3 dxc3
5.Bf1c4 h6
6.O-O Qd8f6
7.Nb1xc3 a6
8.Nc3d5 Qf6d8
9.Bc1f4 d6
10.e5 Bc8e6
11.Rf1e1 Nc6a5
12.exd6 Bf8xd6
13.Bf4xd6 Qd8xd6
14.Qd1a4 Na5c6
15.Ra1d1 b5
16.Bc4xb5 { resign }
1-0

[Event "Tourn. n10044"]
[Site "www.echecsemail.com"]
[Date "2019.02.22"]
[Round "1"]
[White "Picifarkinca"]
[Black "Roque1"]
[WhiteElo "1970"]
[BlackElo "2010"]
[Result "1-0"]
[Round "1"]
1.e4 c5
2.Nb1c3 e6
3.Ng1e2 Ng8f6
4.g3 Bf8e7
5.Bf1g2 O-O
6.O-O d5
7.d4 c4
8.exd5 exd5
9.Ne2f4 Nb8c6
10.Nf4xd5 Bc8g4
11.Nd5xf6 Be7xf6
12.Qd1xg4 Bf6xd4
13.Bc1h6 Qd8f6
14.Bh6g5 Qf6g6
15.Bg2e4 f5
16.Be4d5 Kh8
17.Qg4h4 Ra8e8
18.Ra1e1 Nc6e5
19.Qh4xd4 Qg6xg5
20.Re1xe5 { resign }
1-0

[Event "Match"]
[Site "www.echecsemail.com"]
[Date "2019.02.22"]
[Round "1"]
[White "Mitja"]
[Black "Bojan"]
[WhiteElo "2060"]
[BlackElo "1980"]
[Result "1-0"]
[Round "1"]
1.d4 d5
2.e3 Nb8c6
3.c3 Bc8f5
4.h3 e5
5.dxe5 Nc6xe5
6.Ng1f3 Qd8d6
7.Nf3xe5 Qd6xe5
8.Bf1e2 Bf8d6
9.b3 c6
10.Bc1b2 Qe5e6
11.Nb1d2 Qe6g6
12.Be2f3 Ng8e7
13.c4 dxc4
14.Nd2xc4 Bd6c7
15.Bb2a3 Ra8d8
16.Qd1c1 b6
17.Ba3xe7 Kxe7
18.Qc1a3 c5
19.Qa3xa7 Rd8d7
20.Ra1d1 Rh8d8
21.Rd1xd7 Rd8xd7
22.Qa7a6 Bf5d3
23.Qa6a4 Qg6f5
24.Bf3g4 Qf5d5
25.Qa4xd7 Qd5xd7
26.Bg4xd7 Kxd7
27.Kd2 Bd3e4
28.f3 Be4c6
29.a4 Ke6
30.Kd3 b5
31.axb5 Bc6xb5
32.Rh1a1 Bc7d8
33.Ra1a8 Bd8e7
34.Ra8b8 Bb5d7
35.Rb8b6 Kf5
36.g4 Kg5
37.Rb6b7 { resign }
1-0

[Event "Match"]
[Site "www.echecsemail.com"]
[Date "2019.02.22"]
[Round "1"]
[White "Chessdna"]
[Black "Eeze"]
[WhiteElo "1499"]
[BlackElo "1880"]
[Result "1-0"]
[Round "1"]
1.e4 e5
2.Ng1f3 d6
3.d4 Bc8g4
4.d5 Ng8f6
5.Nb1c3 a6
6.b4 Bf8e7
7.b5 O-O
8.Bf1e2 axb5
9.h3 b4
10.hxg4 bxc3
11.Qd1d3 Nf6xg4
12.Qd3xc3 Ng4f6
13.Nf3g5 h6
14.Qc3h3 hxg5
15.Qh3h8 
1-0

[Event "Match"]
[Site "www.echecsemail.com"]
[Date "2019.02.22"]
[Round "1"]
[White "Caspito"]
[Black "Peterpawn"]
[WhiteElo "1770"]
[BlackElo "1499"]
[Result "0-1"]
[Round "1"]
1.e4 c5
2.d4 cxd4
3.Qd1xd4 Nb8c6
4.Qd4d1 Ng8f6
5.Nb1c3 e6
6.Bc1g5 Bf8e7
7.Bf1b5 O-O
8.Ng1f3 d6
9.O-O h6
10.Bg5h4 Bc8d7
11.a3 a6
12.Bb5d3 b5
13.b4 Ra8c8
14.Nc3e2 Nc6e5
15.Ne2f4 g5
16.Nf3xg5 hxg5
17.Bh4xg5 Ne5xd3
18.cxd3 e5
19.Nf4d5 Nf6xd5
20.Bg5xe7 Nd5xe7
21.f4 Qd8b6
22.Kh1 Ne7g6
23.f5 Ng6f4
24.Qd1g4 Nf4g6
25.Qg4g5 d5
26.fxg6 Qb6xg6
27.Qg5xe5 dxe4
28.dxe4 Rc8e8
29.Rf1f6 Re8xe5
{ resign }
0-1

[Event "Tourn. n10056"]
[Site "www.echecsemail.com"]
[Date "2019.02.22"]
[Round "1"]
[White "Picifarkinca"]
[Black "Odin"]
[WhiteElo "1990"]
[BlackElo "1930"]
[Result "0-1"]
[Round "1"]
1.e4 e5
2.Ng1f3 Ng8f6
3.d4 Bf8b4
4.c3 Bb4a5
5.Nf3xe5 Nf6xe4
6.Bf1d3 d5
7.O-O O-O
8.Nb1d2 Nb8d7
9.Ne5xd7 Bc8xd7
10.Nd2xe4 dxe4
11.Bd3xe4 c6
12.Qd1h5 h6
13.Bc1d2 Ba5c7
14.Ra1e1 Qd8f6
15.f4 Ra8e8
16.Kh1 Re8e6
17.Qh5f5 Qf6xf5
{ resign }
0-1

[Event "Match"]
[Site "www.echecsemail.com"]
[Date "2019.02.22"]
[Round "1"]
[White "Micheles"]
[Black "Ztornad"]
[WhiteElo "2480"]
[BlackElo "1900"]
[Result "1-0"]
[Round "1"]
1.d4 d5
2.Ng1f3 f6
3.c3 Bc8f5
4.Qd1b3 b6
5.c4 Bf5e4
6.Nb1d2 dxc4
7.Qb3xc4 Be4d5
8.Qc4c2 a5
9.e4 Bd5b7
10.d5 c6
11.Nf3d4 Qd8d6
12.Nd2c4 Qd6c7
13.Nd4e6 Qc7d7
14.Nc4xb6 Qd7d6
15.Nb6xa8 Bb7xa8
16.Bc1f4 Qd6b4
17.Bf4d2 Qb4b7
18.Ra1d1 g6
19.Bd2xa5 Qb7d7
20.dxc6 Qd7xc6
21.Rd1d8 Kf7
22.Rd8xf8 Kxe6
23.Bf1c4 Ke5
24.Ba5c3 Kf4
25.Qc2c1 Kg4
26.Bc4e2 Kh4
27.Qc1f4 
1-0

[Event "1/16 Finale"]
[Site "www.chess-mail.com"]
[Date "2019.02.22"]
[Round "1"]
[White "Corr"]
[Black "Nimzo"]
[WhiteElo "2200"]
[BlackElo "2840"]
[Result "1-0"]
[Round "1"]
1.e4 e5
2.Ng1f3 Nb8c6
3.Bf1c4 Bf8c5
4.O-O Ng8f6
5.d3 d6
6.c3 a5
7.Rf1e1 O-O
8.Nb1d2  { time }
1-0

[Event "Tourn. n10059"]
[Site "www.echecsemail.com"]
[Date "2019.02.23"]
[Round "1"]
[White "Cathar"]
[Black "Aiko1603"]
[WhiteElo "2140"]
[BlackElo "2170"]
[Result "1-0"]
[Round "1"]
1.c4 c5
2.g3 Nb8c6
3.Bf1g2 g6
4.Nb1c3 Bf8g7
5.Ng1f3 d6
6.O-O Ng8f6
7.d4 cxd4
8.Nf3xd4 Nc6xd4
9.Qd1xd4 O-O
10.Bc1g5 a6
11.Qd4d2 Bc8f5
12.Bg2xb7 Ra8a7
13.Bb7g2 Qd8b6
14.b3 Qb6a5
15.Ra1d1 Nf6g4
16.Nc3d5 Qa5xd2
17.Rd1xd2 Ng4f6
18.Bg5xf6 exf6
19.Nd5e3 Rf8d8
20.Ne3xf5 gxf5
21.e3 Bg7f8
22.Rf1d1 Rd8e8
23.Rd2d5 Re8e5
24.Bg2h3 { resign }
1-0

[Event "Tourn. n10074"]
[Site "www.echecsemail.com"]
[Date "2019.02.23"]
[Round "1"]
[White "Fantomas"]
[Black "Nevaeh"]
[WhiteElo "2210"]
[BlackElo "2780"]
[Result "0-1"]
[Round "1"]
1.e4 e5
2.Ng1f3 Nb8c6
3.d4 exd4
4.Nf3xd4 Ng8f6
5.Nd4xc6 bxc6
6.Bf1d3 d5
7.Qd1e2 Bf8e7
8.O-O dxe4
9.Bd3xe4 Nf6xe4
10.Qe2xe4 O-O
11.Bc1d2 Rf8e8
12.Qe4f3 Qd8d5
13.Qf3xd5 cxd5
14.Rf1e1 Bc8f5
15.c3 Ra8b8
16.b3 a5
17.Bd2e3 Rb8c8
18.Nb1d2 Be7a3
19.Be3d4 c5
20.Re1xe8 Rc8xe8
21.Bd4e3 Ba3b2
{ resign }
0-1

[Event "Match"]
[Site "www.echecsemail.com"]
[Date "2019.02.23"]
[Round "1"]
[White "Apdash"]
[Black "Jovaras"]
[WhiteElo "2230"]
[BlackElo "2110"]
[Result "1-0"]
[Round "1"]
1.d4 d5
2.c4 c6
3.cxd5 cxd5
4.Nb1c3 Ng8f6
5.Ng1f3 e6
6.e3 Bf8d6
7.Bf1d3 O-O
8.O-O Nb8c6
9.a3 e5
10.Nf3xe5 Nc6xe5
11.dxe5 Bd6xe5
12.Bc1d2 Bc8g4
13.f3 Bg4h5
14.Qd1b3 b6
15.Nc3e2 Ra8c8
16.Bd3b5 Nf6d7
17.Qb3xd5 Rc8c5
18.Qd5xd7 Qd8xd7
19.Bb5xd7 Rc5d5
20.Bd2c3 Be5xc3
21.Ne2xc3 Rd5xd7
22.Ra1d1 Rf8d8
23.e4 h6
24.Rd1xd7 Rd8xd7
25.Rf1d1 Rd7xd1
26.Nc3xd1 f6
27.Nd1e3 Bh5f7
28.Kf2 Kf8
29.Ne3d5 Bf7xd5
30.exd5 Ke7
31.Ke3 Kd6
32.Kd4 f5
33.f4 g5
34.g3 b5
35.b3 a5
36.h3 { resign }
1-0

[Event "Tourn. n10041"]
[Site "www.echecsemail.com"]
[Date "2019.02.23"]
[Round "1"]
[White "Goofy"]
[Black "Coolant"]
[WhiteElo "2210"]
[BlackElo "2270"]
[Result "1-0"]
[Round "1"]
1.e4 c5
2.d4 cxd4
3.c3 Ng8f6
4.e5 Nf6d5
5.Ng1f3 Nb8c6
6.Bf1c4 Nd5b6
7.Bc4b3 g6
8.Nf3g5 d5
9.exd6 e6
10.Qd1f3 Nc6e5
11.Qf3g3 Ne5c4
12.O-O Bf8g7
13.cxd4 O-O
14.Ng5e4 f5
15.Bc1g5 Qd8d7
16.Nb1d2 fxe4
17.Nd2xc4 Nb6xc4
18.Bb3xc4 b5
19.Bc4b3 Bc8b7
20.Rf1c1 Ra8c8
21.Rc1xc8 Rf8xc8
22.Qg3h3 Kf7
23.d5 Qd7xd6
24.dxe6 { resign }
1-0

[Event "Tourn. n10074"]
[Site "www.echecsemail.com"]
[Date "2019.02.23"]
[Round "1"]
[White "Sbb"]
[Black "Fantomas"]
[WhiteElo "2760"]
[BlackElo "2180"]
[Result "0-1"]
[Round "1"]
1.d4 d5
2.Ng1f3 Ng8f6
3.c4 dxc4
4.Qd1a4 c6
5.Qa4xc4 Qd8d5
6.Qc4a4 Nb8d7
7.Nb1c3 Qd5d6
8.g3 Nd7b6
9.b3 Nb6xa4
{ resign }
0-1

[Event "Tourn. n10069"]
[Site "www.echecsemail.com"]
[Date "2019.02.24"]
[Round "1"]
[White "Libiesse"]
[Black "Ditto"]
[WhiteElo "1810"]
[BlackElo "1710"]
[Result "1/2-1/2"]
[Round "1"]
1.Ng1f3 d5
2.d4 Nb8c6
3.c4 Ng8f6
4.cxd5 Qd8xd5
5.Nb1c3 Qd5d8
6.e3 a6
7.Bf1e2 Bc8f5
8.O-O e6
{ draw }
1/2-1/2

[Event "Match"]
[Site "www.echecsemail.com"]
[Date "2019.02.24"]
[Round "1"]
[White "Bojan"]
[Black "Mitja"]
[WhiteElo "1980"]
[BlackElo "2060"]
[Result "0-1"]
[Round "1"]
1.e4 d5
2.exd5 Qd8xd5
3.Nb1c3 Qd5d8
4.f4 e6
5.d4 c6
6.Bc1e3 b6
7.a3 Bc8b7
8.Qd1g4 Ng8f6
9.Qg4f3 Nb8a6
10.Bf1xa6 Bb7xa6
11.Qf3xc6 Nf6d7
12.Ng1f3 Ra8c8
13.Qc6a4 Ba6b7
14.Qa4xa7 Bb7xf3
15.gxf3 Bf8e7
16.Qa7a6 O-O
17.O-O-O Rc8a8
18.Qa6d3 Qd8c7
19.Rd1g1 Rf8b8
20.Nc3b5 Qc7c6
21.Be3d2 Nd7f6
22.Rg1e1 Nf6d5
23.Kb1 Nd5c7
24.Nb5xc7 Qc6xc7
25.Qd3b5 Ra8a7
26.Bd2c1 Rb8a8
27.Qb5d3 Qc7c6
28.Re1e5 Be7d6
29.Re5h5 g6
30.Rh1g1 f5
31.Rh5h4 b5
32.c3 Qc6d5
33.Rh4h3 Qd5b3
34.Qd3c2 Qb3d5
35.Rh3g3 b4
36.cxb4 Bd6xb4
37.Qc2d3 Bb4d6
38.Rg1g2 Ra7b7
39.Kc2 Ra8c8
40.Kd1 Rb7c7
41.Bc1d2 Qd5a2
42.Ke2 Qa2xb2
43.Ke3 Rc7c4
44.Bd2b4 Qb2c1
45.Rg2d2 Bd6xb4
46.axb4 Rc4c3
47.Rg3g2 Rc3xd3
48.Kxd3 Qc1a3
49.Ke2 Qa3xb4
50.Rd2d1 Rc8c2
{ resign }
0-1

[Event "Match"]
[Site "www.echecsemail.com"]
[Date "2019.02.24"]
[Round "1"]
[White "Emmanuel69"]
[Black "Zack1984"]
[WhiteElo "1930"]
[BlackElo "2440"]
[Result "1-0"]
[Round "1"]
1.c4 f5
2.Nb1c3 Kf7
3.d4 Ng8f6
4.Ng1f3 e6
5.e3 Bf8b4
6.Bc1d2 Rh8e8
7.Bf1e2 d6
8.a3 Bb4xc3
9.Bd2xc3 Nf6e4
10.O-O  { time }
1-0

[Event "Match"]
[Site "www.echecsemail.com"]
[Date "2019.02.24"]
[Round "1"]
[White "Iko"]
[Black "Zack1984"]
[WhiteElo "1740"]
[BlackElo "2440"]
[Result "1-0"]
[Round "1"]
1.e4 f6
2.d4 Kf7
3.Ng1f3 e6
4.Bf1d3 c5
5.O-O cxd4
6.Nf3xd4 g6
7.Bc1e3 Nb8c6
8.Nb1c3 Kg7
9.Qd1f3  { time }
1-0

[Event "Tourn. n10064"]
[Site "www.echecsemail.com"]
[Date "2019.02.24"]
[Round "1"]
[White "Bojan"]
[Black "Scasan55"]
[WhiteElo "2020"]
[BlackElo "1990"]
[Result "0-1"]
[Round "1"]
1.e4 c5
2.b3 d6
3.Bc1b2 e6
4.Ng1f3 Nb8c6
5.Bf1d3 a6
6.c3 Ng8f6
7.Bd3c2 Bf8e7
8.d4 cxd4
9.cxd4 O-O
10.Qd1e2 b5
11.a3 Bc8b7
12.Nb1c3 h6
13.Ra1d1 b4
14.Nc3b1 a5
15.e5 Nf6d5
16.Nb1d2 bxa3
17.Bb2xa3 Nd5c3
18.Qe2d3 f5
19.Qd3xc3 d5
20.Ba3xe7 Nc6xe7
21.h3 Ne7g6
22.Rd1a1 Ra8c8
23.Qc3b2 Bb7a6
24.b4 Rc8b8
25.Qb2a3 Ng6f4
26.g3 Nf4g6
27.Qa3xa5 Qd8c8
28.Qa5c5 Qc8b7
29.Ra1b1 Rf8c8
30.Qc5d6 Rc8c6
31.Qd6c5 Rc6xc5
32.dxc5 Qb7b5
33.Nf3d4 Qb5d7
34.f4 Ng6e7
35.Kf2 Ne7c6
36.Bc2a4 Ba6b7
37.Nd2b3 Qd7c8
38.Nd4b5 Nc6xb4
39.Nb5d6 Qc8c7
40.Ke3 Bb7a6
41.Rh1c1 g5
42.Rc1c3 gxf4
43.gxf4 Qc7g7
44.Kf2 Qg7e7
45.Rb1g1 Kh7
46.Rc3g3 Qe7h4
47.Ke3 d4
48.Nb3xd4 Nb4d5
49.Kf3 Qh4xf4
50.Kg2 Qf4xe5
51.Nd4b5 Nd5f4
52.Kh2 Nf4e2
53.Rg1g2 Ne2xg3
54.Rg2xg3 Rb8g8
{ resign }
0-1

[Event "Tourn. n10046"]
[Site "www.echecsemail.com"]
[Date "2019.02.24"]
[Round "1"]
[White "Nevaeh"]
[Black "Ssharp"]
[WhiteElo "2669"]
[BlackElo "2300"]
[Result "1-0"]
[Round "1"]
1.d4 d5
2.c4 e6
3.Nb1c3 Ng8f6
4.cxd5 exd5
5.Bc1g5 Bf8e7
6.e3 O-O
7.Bf1d3 Nb8d7
8.h3 h6
9.Bg5f4 c6
10.Ng1f3 Rf8e8
11.O-O Nd7f8
12.Nf3e5 Be7d6
13.Ra1c1 Bd6xe5
14.Bf4xe5 Nf8d7
15.Be5g3 Nd7f8
16.b4 a6
17.a4 b5
18.a5 Bc8e6
19.Nc3e2 Ra8c8
20.f3 Nf6h5
21.Bg3e5 Nh5f6
22.Qd1d2 Qd8e7
23.Bd3b1 Nf6d7
24.Be5h2 Nd7f6
25.Ne2f4 Be6d7
26.Rf1e1 Nf8e6
27.Nf4d3 Re8d8
28.Qd2c2 Bd7e8
29.Qc2f2 Nf6d7
30.Bh2g3 f6
31.e4 Qe7f8
32.exd5 cxd5
33.Rc1xc8 Rd8xc8
34.Re1xe6 { resign }
1-0

[Event "Match"]
[Site "www.echecsemail.com"]
[Date "2019.02.24"]
[Round "1"]
[White "Coraza"]
[Black "Luzhin"]
[WhiteElo "1730"]
[BlackElo "2560"]
[Result "0-1"]
[Round "1"]
1.e4 e5
2.Bf1c4 Ng8f6
3.Nb1c3 Nf6xe4
4.Nc3xe4 d5
5.Ng1f3 dxc4
6.O-O Nb8c6
7.d3 cxd3
8.cxd3 Bc8g4
9.Ne4g5 h6
10.Ng5xf7 Kxf7
11.Qd1b3 Bg4e6
12.Qb3xb7 Be6d5
13.Qb7a6 Qd8d6
14.Qa6a4 Bf8e7
15.Nf3h4 Nc6d4
16.Nh4f3 Nd4xf3
17.gxf3 Bd5xf3
18.Qa4c4 Kf8
19.Bc1e3 Qd6g6
{ resign }
0-1

[Event "Tourn. n10046"]
[Site "www.echecsemail.com"]
[Date "2019.02.24"]
[Round "1"]
[White "Rons"]
[Black "Nevaeh"]
[WhiteElo "2700"]
[BlackElo "2669"]
[Result "0-1"]
[Round "1"]
1.e4 e5
2.Ng1f3 Nb8c6
3.Bf1b5 a6
4.Bb5a4 Ng8f6
5.O-O Bf8e7
6.Rf1e1 b5
7.Ba4b3 d6
8.c3 O-O
9.h3 Bc8b7
10.d4 Rf8e8
11.Nb1d2 Be7f8
12.d5 Nc6b8
13.Nd2f1 c6
14.dxc6 Nb8xc6
15.Bc1g5 Nc6a5
16.Bg5xf6 Qd8xf6
17.Bb3d5 Bb7xd5
18.Qd1xd5 Na5c4
19.Re1e2 Nc4b6
20.Qd5b3 Qf6g6
21.Ra1d1 Ra8c8
22.Nf1e3 Rc8c5
23.Qb3c2 Qg6e6
24.Nf3e1 d5
25.b4 Rc5c7
26.Ne3xd5 Nb6xd5
27.exd5 Qe6g6
28.Ne1d3 Bf8d6
29.Qc2d2 h6
30.a4 bxa4
31.Rd1a1 a5
32.Ra1xa4 axb4
33.Nd3xb4 e4
34.Nb4c2 Rc7b7
35.Re2e1 f5
36.Nc2d4 f4
37.Qd2c2 f3
38.g4 Rb7f7
39.Kf1 h5
40.Nd4e6 Qg6f6
41.Re1xe4 Re8b8
42.Ke1 Rf7b7
43.Ra4a1 Bd6e5
44.Re4e3 hxg4
45.hxg4 Qf6h4
46.Re3xe5 Qh4h1
47.Kd2 Qh1xa1
48.Qc2d3 Rb8c8
49.Re5g5 Rb7b2
50.Ke3 Rb2e2
51.Kxf3 Re2xe6
52.dxe6 Rc8xc3
53.Qd3xc3 Qa1xc3
54.Kg2 Qc3e1
55.Rg5h5 Qe1xe6
56.f3 g6
57.Rh5h1 Qe6e2
58.Kg3 Kf7
59.Rh1h7 Kf6
60.Rh7d7 Qe2e1
61.Kg2 Kg5
{ resign }
0-1

[Event "Tourn. n10058"]
[Site "www.echecsemail.com"]
[Date "2019.02.24"]
[Round "1"]
[White "Darko10"]
[Black "Senitram"]
[WhiteElo "2830"]
[BlackElo "2590"]
[Result "1-0"]
[Round "1"]
1.e4 c5
2.Ng1f3 g6
3.c3 Bf8g7
4.d4 cxd4
5.cxd4 Ng8f6
6.Nb1c3 d5
7.e5 Nf6e4
8.Bf1d3 Ne4xc3
9.bxc3 O-O
10.h4 Bc8g4
11.h5 Qd8d7
12.Bc1d2 Nb8c6
13.Qd1b1 Bg4xf3
14.gxf3 Nc6a5
15.Ke2 Qd7c6
16.Qb1f1 { resign }
1-0

[Event "Match"]
[Site "www.echecsemail.com"]
[Date "2019.02.24"]
[Round "1"]
[White "Geodad5"]
[Black "Tbsundar"]
[WhiteElo "2130"]
[BlackElo "2080"]
[Result "0-1"]
[Round "1"]
1.e4 e5
2.Ng1f3 Nb8c6
3.d4 exd4
4.Nf3xd4 Bf8c5
5.Nd4b3 Bc5b6
6.Bf1e2 Qd8h4
7.O-O Ng8f6
8.Nb1c3 d6
9.g3 Qh4h3
10.Kh1 h5
11.f3 Nf6g4
{ resign }
0-1